[Event "Dublin"]
[Site "Dublin"]
[Date "1995.??.??"]
[Round "9"]
[White "Daly, Colm"]
[Black "Ryan, Joseph"]
[Result "1-0"]
[WhiteElo "2210"]
[BlackElo "2230"]

1.Nf3 Nf6 2.c4 g6 3.d4 Bg7 4.Nc3 O-O 5.e4 d6 6.Be2 Na6 7.O-O e5 8.Re1 c6
9.Bf1 exd4 10.Nxd4 Nc5 11.f3 Nh5 12.Be3 Ne6 13.Qd2 Qh4 14.Nde2 f5 15.exf5 gxf5
16.f4 Nf6 17.h3 Ne4 18.Nxe4 fxe4 19.Rad1 Nc5 20.Nc3 Bf5 21.g4 Bg6 22.f5 Bf7
23.Bf2 Qd8 24.b4 Nd3 25.Bxd3 exd3 26.Qxd3 d5 27.c5 Qc7 28.Bg3 Qd7 29.Be5 Bxe5
30.Rxe5 Rae8 31.Ne4 Qc7 32.Rxe8 Bxe8 33.Nd6 Qg7 34.Qd4 Qxd4+ 35.Rxd4 b6 36.Rd3 a5
37.a3 bxc5 38.bxc5 Bf7 39.Re3 d4 40.Rd3 Bd5 41.Rxd4 Rb8 42.Ra4 Kg7 43.g5 Rb2
44.h4 Rg2+ 45.Kf1 Rh2 46.Rxa5 Rxh4 47.Ra7+ Kg8 48.Ke2 Rf4 49.Ke3 Rf1 50.Kd4 h6
51.g6 h5 52.Ke5 Rb1 53.f6 Re1+ 54.Kf4 Rf1+ 55.Kg5 h4 56.Ra8+  1-0

[Event "Nord Cup 1st"]
[Site "Duesseldorf"]
[Date "1995.??.??"]
[Round "2"]
[White "Henk, Martin"]
[Black "Michalczak, Thomas"]
[Result "1/2-1/2"]
[WhiteElo "2055"]
[BlackElo "2330"]

1.d4 Nf6 2.c4 g6 3.Nc3 Bg7 4.e4 d6 5.Nf3 O-O 6.Be2 e5 7.Be3 Nbd7 8.O-O c6
9.Qc2 Qe7 10.d5 c5 11.Rab1 Ne8 12.Rfe1 f5 13.exf5 gxf5 14.Bg5 Ndf6 15.b4 cxb4
16.Rxb4 e4 17.Nd4 Qe5 18.Ncb5 Rf7 19.Ne6 h6 20.Bxf6 Nxf6 21.Nbc7 Rb8 22.Na6 Ra8
23.Nac7 Rb8  1/2-1/2

[Event "Nord Cup 1st"]
[Site "Duesseldorf"]
[Date "1995.??.??"]
[Round "2"]
[White "Schmidt, T."]
[Black "Kistella, Roman"]
[Result "0-1"]
[WhiteElo "1995"]
[BlackElo "2280"]

1.d4 Nf6 2.c4 g6 3.Nf3 Bg7 4.Nc3 O-O 5.e4 d6 6.Be2 e5 7.O-O exd4 8.Nxd4 Re8
9.f3 Nc6 10.Nxc6 bxc6 11.Bg5 h6 12.Bh4 c5 13.Qd2 Nxe4 14.Bxd8 Nxd2 15.Rfd1 Rxd8
16.Rxd2 Rb8 17.Nb5 c6 18.Rxd6 Rxd6 19.Nxd6 Rxb2 20.Nxc8 Rxe2 21.Kf1 Re8 22.Nd6 Bxa1
23.Nxe8 Be5 24.f4 Bxf4 25.Nf6+ Kg7 26.Ne4 Bxh2 27.Nxc5 h5 28.Kf2 Bd6 29.Nb3 c5
30.Kf3 f5  0-1

[Event "Nord Cup 1st"]
[Site "Duesseldorf"]
[Date "1995.??.??"]
[Round "6"]
[White "Savic, Robert"]
[Black "Michalczak, Thomas"]
[Result "0-1"]
[WhiteElo "1935"]
[BlackElo "2330"]

1.d4 Nf6 2.c4 g6 3.Nc3 Bg7 4.e4 d6 5.Nf3 O-O 6.Be2 e5 7.d5 a5 8.Bg5 h6 9.Bh4 Na6
10.Nd2 h5 11.a3 Bd7 12.b3 Bh6 13.Bg3 Nc5 14.Qc2 a4 15.bxa4 Bxd2+ 16.Kxd2 Bxa4
17.Nxa4 Nfxe4+ 18.Ke1 Rxa4 19.f3 Nxg3 20.hxg3 Qg5 21.Kf2 Rfa8 22.Qb2 R4a6
23.Qc3 Rb6 24.Bd1 Rb2+  0-1

[Event "Nord Cup 1st"]
[Site "Duesseldorf"]
[Date "1995.??.??"]
[Round "7"]
[White "Schlecht, Daniel"]
[Black "Kucheyda, Joerg"]
[Result "1-0"]
[WhiteElo "2210"]
[BlackElo "1875"]

1.d4 Nf6 2.c4 g6 3.Nc3 Bg7 4.e4 d6 5.Nf3 O-O 6.Be2 Nbd7 7.O-O e5 8.Be3 Nh5
9.Re1 Nf4 10.Bf1 f5 11.exf5 Rxf5 12.g3 Ne6 13.Bh3 Nxd4 14.Nxd4 exd4 15.Bxf5 dxc3
16.Be6+ Kh8 17.bxc3 Ne5 18.Bxc8 Qxc8 19.Bd4 c5 20.Bxe5 Bxe5 21.Qd2 Qf8 22.f4 Bg7
23.Re6 Rd8 24.Rd1 b6 25.Kg2 Qf5 26.Qd5 Qc2+ 27.Rd2 Qxc3 28.Rde2 Bf8 29.Re8 Rxe8
30.Rxe8 Kg7 31.Qb7+ Kg8 32.Qe7 Qc2+ 33.Kh3 Qf5+ 34.g4 Qxf4 35.Qe2 a6 36.Rb8 Qh6+
37.Kg2 Qg7 38.Qe6+ Kh8 39.Rxb6 Qc7 40.Qe8 Kg8 41.Rb8 Qg7 42.Qe6+ Kh8 43.Qxd6 Qb2+
44.Rxb2 Bxd6 45.Rb6  1-0

[Event "Nord Cup 1st"]
[Site "Duesseldorf"]
[Date "1995.??.??"]
[Round "7"]
[White "Wicht, Juergen"]
[Black "Michalczak, Thomas"]
[Result "1/2-1/2"]
[WhiteElo "2085"]
[BlackElo "2330"]

1.d4 Nf6 2.c4 g6 3.Nc3 Bg7 4.e4 d6 5.Be2 O-O 6.Nf3 e5 7.dxe5 dxe5 8.Qxd8 Rxd8
9.Bg5 Nbd7 10.O-O-O Rf8 11.Ne1 c6 12.Nc2 Nc5 13.f3 Ne6 14.Be3 Re8 15.Rd2 Bf8
16.Rhd1 Bc5 17.Bxc5 Nxc5 18.Rd8 Bd7 19.Rxa8 Rxa8 20.b4  1/2-1/2

[Event "Eger"]
[Site "Eger"]
[Date "1995.??.??"]
[Round "?"]
[White "Titz, Heimo"]
[Black "Kerek, Krisztian"]
[Result "1/2-1/2"]
[WhiteElo "2345"]
[BlackElo "2220"]

1.Nf3 Nf6 2.c4 g6 3.Nc3 Bg7 4.e4 d6 5.d4 O-O 6.Be2 e5 7.Be3 h6 8.dxe5 Ng4
9.Bd2 Nxe5 10.O-O Nbc6 11.h3 Be6 12.b3 f5 13.exf5 Bxf5 14.Rc1 Kh7 15.Be3 Qd7
16.Nxe5 Nxe5 17.Kh2 Rf7 18.c5 dxc5 19.Bxc5 Nd3 20.Bxd3 Bxd3 21.Re1 Qf5 22.Ne2 Bb2
23.Ng3 Qd7 24.Be3 Bxc1 25.Qxc1 Qc6 26.Qxc6 bxc6 27.Rc1 Rf6 28.Rc3 Rd6 29.Bf4 Rd4
30.Be3 Rd6 31.Bf4  1/2-1/2

[Event "Eger Cup"]
[Site "Eger"]
[Date "1995.??.??"]
[Round "?"]
[White "Csiszar, Csaba"]
[Black "Zimmerman, Yuri"]
[Result "1/2-1/2"]
[WhiteElo "2380"]
[BlackElo "2335"]

1.d4 Nf6 2.c4 g6 3.Nc3 Bg7 4.e4 d6 5.Be2 O-O 6.Nf3 e5 7.Be3 h6 8.h3 exd4
9.Nxd4 Qe7 10.Bf3 c6 11.O-O Nbd7 12.Re1 Rd8 13.Qc2 Ne5 14.Be2 d5 15.cxd5 cxd5
16.f4 Nc4 17.Bf2 Nb6 18.e5 Nh7 19.Bd3 Nf8 20.a4 Ne6 21.Nxe6 Bxe6 22.Nb5 Qb4
23.a5 Nc4 24.Nc7 Rac8 25.Ra4 Qe7 26.Nxe6 Qxe6 27.Bxc4 b6 28.axb6 axb6 29.Bxd5 Rxc2
30.Bxe6 fxe6 31.Rd4 Rxd4 32.Bxd4 Bf8 33.b3 b5 34.Ra1 Rd2 35.Bf2 Rd3 36.Ra8 Kf7
37.Ra7+ Kg8 38.Ra8 Kf7 39.Ra7+ Kg8 40.b4 Bxb4 41.Rb7 Rd5 42.Bh4 Bf8 43.Be7 Bxe7
44.Rxe7 g5 45.Rxe6 gxf4 46.Rxh6 Rxe5 47.Rb6 Kg7 48.Kf2 Rg5 49.h4 Rh5 50.Kf3 Rxh4
51.Rxb5 Rh6 52.Kxf4 Ra6 53.g4 Ra4+ 54.Kf5 Ra6 55.Rb7+ Kg8 56.g5 Rc6 57.Kg4 Ra6
58.Kh5 Rc6 59.Kg4 Ra6  1/2-1/2

[Event "Eger"]
[Site "Eger"]
[Date "1995.??.??"]
[Round "?"]
[White "Kiss, Pal"]
[Black "Meszaros, Andras"]
[Result "1-0"]
[WhiteElo "2455"]
[BlackElo "2310"]

1.d4 Nf6 2.c4 g6 3.Nc3 Bg7 4.e4 O-O 5.Nf3 d6 6.Be2 e5 7.O-O exd4 8.Nxd4 c6
9.Kh1 Nbd7 10.Bg5 h6 11.Bh4 Qb6 12.Na4 Qa5 13.f3 d5 14.Be1 Qd8 15.exd5 cxd5
16.c5 Ne5 17.b3 Bd7 18.Bb5 Nc6 19.Bxc6 bxc6 20.Bc3 Re8 21.Re1 Nh5 22.Rxe8+ Bxe8
23.Qd2 Bd7 24.Ne2 Qg5 25.Qxg5 hxg5 26.Bxg7 Nxg7 27.Kg1 Ne6 28.Rd1 Kg7 29.Nd4 Rh8
30.Nxe6+ fxe6 31.Rd4 Rh4 32.g4 Rh8 33.Rb4 Bc8 34.Nb2 Rf8 35.Kg2 Ba6 36.Ra4 Be2
37.Rxa7+ Kh6 38.Rc7 d4 39.Kg1 Rxf3 40.Rxc6 Rf1+ 41.Kg2 Rb1 42.Nc4 Bxc4 43.bxc4 e5
44.Rd6 Rb2+ 45.Kf3 Rxa2 46.Rd5 Ra3+ 47.Ke2 Ra2+ 48.Kd3 Ra3+ 49.Kc2 Re3 50.Kd2 Rc3
51.Rxe5 Kg7 52.Rxg5 Rxc4 53.Kd3 Rc1 54.Kxd4 Rh1 55.c6 Rxh2 56.c7 Rh8 57.Rc5 Rc8
58.Ke5 Kf7 59.Kd6  1-0

[Event "Eger"]
[Site "Eger"]
[Date "1995.??.??"]
[Round "?"]
[White "Kiss, Pal"]
[Black "Kerek, Krisztian"]
[Result "1-0"]
[WhiteElo "2455"]
[BlackElo "2220"]

1.d4 Nf6 2.c4 g6 3.Nc3 Bg7 4.e4 d6 5.Nf3 O-O 6.Be2 e5 7.d5 a5 8.Bg5 h6 9.Bh4 Na6
10.Nd2 Bd7 11.O-O Qb8 12.a3 Nh7 13.f3 h5 14.Bf2 Bh6 15.b3 Nc5 16.Rb1 f5 17.Qc2 Qd8
18.b4 axb4 19.axb4 Na4 20.Nxa4 Rxa4 21.c5 Bxd2 22.Qxd2 f4 23.Rfc1 Qa8 24.c6 bxc6
25.dxc6 Be6 26.b5 Rd8 27.b6 cxb6 28.c7 Rc8 29.Qxd6 Bf7 30.Bb5 Ra2 31.Bd7 Qa5
32.Bxc8  1-0

[Event "Eger Cup"]
[Site "Eger"]
[Date "1995.??.??"]
[Round "?"]
[White "Kovacs, Arthur"]
[Black "Zimmerman, Yuri"]
[Result "1/2-1/2"]
[WhiteElo "2205"]
[BlackElo "2335"]

1.d4 Nf6 2.Nf3 g6 3.c4 Bg7 4.Nc3 O-O 5.e4 d6 6.Be2 e5 7.dxe5 dxe5 8.Qxd8 Rxd8
9.Bg5 c6 10.Nxe5 Re8 11.O-O-O Na6 12.f4 Nc5 13.Bf3 Nh5 14.Bxh5 gxh5 15.Bh4 Bh6
16.Nd3 Nxd3+ 17.Rxd3 Bxf4+ 18.Kc2 Be6 19.b3 Kg7 20.Bg3 Bxg3 21.Rxg3+ Kh8
22.Rd1 h4 23.Re3 Rg8 24.g3 Rg4 25.Ne2 Re8 26.Nd4 Bc8 27.Rde1 Reg8 28.Rf1 hxg3
29.hxg3 Rxg3 30.Rxg3 Rxg3 31.Rxf7 h5 32.Nf5 Bxf5 33.Rxf5 Rg2+ 34.Kd3 Kg7
35.Rxh5 Rxa2 36.Rf5 Rb2 37.Kc3 Re2 38.Kd3  1/2-1/2

[Event "Elenite"]
[Site "Elenite"]
[Date "1995.??.??"]
[Round "6"]
[White "Gulko, Boris F"]
[Black "Georgiev, Kiril"]
[Result "0-1"]
[WhiteElo "2620"]
[BlackElo "2605"]

1.c4 Nf6 2.Nc3 g6 3.d4 Bg7 4.e4 d6 5.Be2 O-O 6.Nf3 e5 7.d5 a5 8.h3 Na6 9.Bg5 h6
10.Be3 Nc5 11.Nd2 Bd7 12.Qc2 c6 13.O-O Ne8 14.Rad1 f5 15.dxc6 Bxc6 16.exf5 gxf5
17.f4 exf4 18.Rxf4 Qg5 19.Nf3 Qe7 20.Qd2 Ne6 21.Nd5 Bxd5 22.Qxd5 Nf6 23.Qxd6 Qxd6
24.Rxd6 Nxf4 25.Bxf4 Rfe8 26.Kf1 Nh5 27.Bh2 f4 28.Nh4 Ng3+ 29.Bxg3 fxg3 30.Bf3 Rad8
31.Nf5 Rxd6 32.Nxd6 Re7 33.Bxb7 Bxb2 34.Bd5+ Kf8 35.Nf5 Re5 36.Nxg3 Re3 37.Ne4 Ke7
38.c5 Be5 39.Kf2 Bd4 40.Kf1 Bxc5 41.Nxc5 Re5 42.Bb3 Rxc5 43.g4 Rc3 44.Kg2 Kf6
45.h4 Ke5 46.g5 h5 47.Bd1 Ra3 48.Bxh5 Rxa2+ 49.Kf3 a4 50.Bf7 Rb2 51.Kg4 a3
52.Kh5 Kf5 53.Kh6 a2 54.Bxa2 Rxa2 55.Kg7 Rg2 56.Kf7 Rg4 57.h5 Kxg5  0-1

[Event "RUS-ch"]
[Site "Elista"]
[Date "1995.??.??"]
[Round "4"]
[White "Ruban, Vadim"]
[Black "Glek, Igor V"]
[Result "1/2-1/2"]
[WhiteElo "2535"]
[BlackElo "2580"]

1.d4 Nf6 2.c4 g6 3.Nc3 Bg7 4.e4 O-O 5.Nf3 d6 6.Be2 e5 7.O-O exd4 8.Nxd4 Re8
9.f3 Nc6 10.Be3 Nh5 11.f4 Nf6 12.Nxc6 bxc6 13.Bf3 Nxe4 14.Bxe4 d5 15.Bxd5  1/2-1/2

[Event "RUS-ch (Women)"]
[Site "Elista"]
[Date "1995.??.??"]
[Round "5"]
[White "Prudnikova, Svetlana"]
[Black "Kovalevskaya, Ekaterina"]
[Result "1-0"]
[WhiteElo "2405"]
[BlackElo "2350"]

1.d4 Nf6 2.c4 d6 3.Nf3 g6 4.Nc3 Bg7 5.e4 O-O 6.Be2 Nbd7 7.O-O e5 8.Be3 c6
9.d5 c5 10.Ne1 Ne8 11.g4 f5 12.gxf5 gxf5 13.exf5 Nb6 14.Kh1 Bxf5 15.Rg1 e4
16.Qd2 Nd7 17.Ng2 Kh8 18.Bg5 Qc8 19.Nh4 Ne5 20.Nxf5 Qxf5 21.Rg3 Nf6 22.Rag1 Rg8
23.Qf4 Qxf4 24.Bxf4 Nf7 25.Nb5 Rad8 26.Nxa7 Bh6 27.Rxg8+ Rxg8 28.Rxg8+ Kxg8
29.Bg3 Bg7 30.b3 Nd7 31.Bg4 Nde5 32.Be6 Bf8 33.Nb5 Kg7 34.Nc3 Ng5 35.Bc8 b6
36.Na4 Nd3 37.Nxb6 Be7 38.Bg4 Nc1 39.Nc8 Bd8 40.Nxd6 Nxa2 41.h4  1-0

[Event "RUS-ch"]
[Site "Elista"]
[Date "1995.??.??"]
[Round "8"]
[White "Sakaev, Konstantin"]
[Black "Glek, Igor V"]
[Result "0-1"]
[WhiteElo "2570"]
[BlackElo "2580"]

1.d4 Nf6 2.c4 g6 3.Nc3 Bg7 4.e4 O-O 5.Nf3 d6 6.Be2 e5 7.O-O exd4 8.Nxd4 Re8
9.f3 Nc6 10.Nc2 Nh5 11.Nd5 f5 12.g4 fxg4 13.fxg4 Nf6 14.Bg5 Rf8 15.c5 Be6
16.cxd6 cxd6 17.Nce3 h6 18.Nxf6+ Bxf6 19.Bxh6 Rf7 20.Bc4 Bxc4 21.Nxc4 Bd4+
22.Kh1 Rxf1+ 23.Qxf1 d5 24.Nd2 Qh4 25.exd5 Ne5 26.Nf3 Nxf3 27.Qxf3 Qxh6 28.d6 Qe3
29.Qxb7 Rf8 30.Rd1 Bb6 31.Qd5+ Kg7 32.Qd3 Qxd3 33.Rxd3 Rf1+ 34.Kg2 Rf2+ 35.Kg3 Rxb2
36.d7 Bd8 37.a3 g5 38.Rc3 Rd2  0-1

[Event "RUS-ch"]
[Site "Elista"]
[Date "1995.??.??"]
[Round "9"]
[White "Pushkov, Nikolai"]
[Black "Lukin, Andrei M"]
[Result "0-1"]
[WhiteElo "2515"]
[BlackElo "2440"]

1.d4 Nf6 2.Nf3 g6 3.c4 Bg7 4.Nc3 O-O 5.e4 d6 6.Be2 Nbd7 7.O-O e5 8.d5 Nc5
9.Qc2 a5 10.Be3 Nfd7 11.Nd2 f5 12.f3 f4 13.Bf2 g5 14.b3 Nf6 15.a3 Na6 16.Rab1 g4
17.fxg4 Nxg4 18.Bxg4 Bxg4 19.Nf3 Qe8 20.b4 axb4 21.axb4 Qh5 22.Qe2 Rf6 23.Kh1 Bf8
24.Bg1 Be7 25.Qc2 Kh8 26.c5 dxc5 27.bxc5 Nxc5 28.Nb5 b6 29.Nxc7 Ra3 30.Bxc5 Bxc5
31.Rb3 Ra7 32.d6 Rh6 33.Rd3 Bxf3 34.gxf3 Qh3 35.Rfd1 Rxd6 36.Nb5 Ra2 37.Qxa2 Rxd3
38.Qe2 Qxf3+ 39.Qxf3 Rxf3 40.Rd5 Rb3 41.Nc7 f3 42.h4 Rb1+ 43.Kh2 f2  0-1

[Event "Euskadi-ch"]
[Site "Euskadi"]
[Date "1995.??.??"]
[Round "3"]
[White "Nava Pereda, Carlos"]
[Black "Miguel, Fernando"]
[Result "1/2-1/2"]
[WhiteElo "2340"]
[BlackElo "2305"]

1.d4 Nf6 2.c4 g6 3.Nc3 Bg7 4.e4 d6 5.Be2 O-O 6.Nf3 e5 7.Be3 Nc6 8.d5 Ne7
9.Nd2 Nd7 10.f3 f5 11.Qc2 Nf6 12.O-O-O Bd7 13.Kb1 b6 14.Rhg1 Qc8 15.Rc1 Kh8
16.Qd1 fxe4 17.fxe4 Bg4 18.h3 Bxe2 19.Nxe2 Nh5 20.Nf3 Ng8 21.Ng5 Bh6 22.g4 Ng7
23.Qd3 Bxg5 24.Bxg5 Qd7 25.Rgf1 Rf7 26.Rxf7 Qxf7 27.Ng3 Rf8 28.Rf1 Qe8 29.b3 h6
30.Bd2 Qe7 31.Kc2 Kh7 32.Rf3 Rf7 33.Qf1 Rxf3 34.Qxf3 g5 35.Nf5 Nxf5 36.Qxf5+ Kg7
37.Kd3 Qf6 38.Be3 Ne7 39.Qxf6+ Kxf6 40.b4 a6 41.c5 b5 42.c6 Nc8  1/2-1/2

[Event "FIN-ch"]
[Site "FIN"]
[Date "1995.??.??"]
[Round "?"]
[White "Tella, Jussi"]
[Black "Nippula, Timo"]
[Result "1-0"]
[WhiteElo "2240"]
[BlackElo "2255"]

1.d4 Nf6 2.c4 g6 3.Nc3 Bg7 4.e4 d6 5.Nf3 O-O 6.Be2 e5 7.O-O exd4 8.Nxd4 Re8
9.f3 Nh5 10.Be3 f5 11.Qd2 f4 12.Bf2 Be5 13.Rfd1 Kh8 14.Ndb5 Be6 15.c5 a6
16.Na3 Nc6 17.cxd6 cxd6 18.Nc4 b5 19.Nxe5 dxe5 20.Nd5 Bxd5 21.exd5 Ne7 22.d6 Nf5
23.d7 Rg8 24.Qd5 Qf6 25.Rac1 Rad8 26.Rc6 Qg7 27.Re6 Nf6 28.Qxe5 Nxd7 29.Qxf4 Nb8
30.g4 Rxd1+ 31.Bxd1 Qd7 32.Bb3 Ng7 33.Rd6  1-0

[Event "Finkenstein op"]
[Site "Finkenstein"]
[Date "1995.??.??"]
[Round "3"]
[White "Hummel, Markus"]
[Black "Pokupec, Vilim"]
[Result "0-1"]
[WhiteElo "1645"]
[BlackElo "2085"]

1.d4 g6 2.c4 Bg7 3.Nc3 Nf6 4.e4 d6 5.Nf3 O-O 6.Be2 e5 7.dxe5 dxe5 8.Qxd8 Rxd8
9.Bg5 Re8 10.Rd1 Be6 11.Nxe5 Nxe4 12.Nxe4 Bxe5 13.Bf6 Bf5 14.Bxe5 Bxe4 15.Bxc7 Bxg2
16.Rg1 Bf3 17.Rd2 Na6 18.Ba5 b6 19.Bc3 Nc5 20.Kf1 Bxe2+ 21.Rxe2 Rxe2 22.Kxe2 Re8+
23.Kf3 Ne4 24.Re1 f5 25.Kf4 Rc8 26.Rd1 Nxc3 27.bxc3 Rxc4+ 28.Ke5 Rxc3 29.Rd8+ Kg7
30.Rd7+ Kh6 31.Rxa7 b5 32.Rb7 Ra3 33.Rxb5 Rxa2 34.Rb3 Rxf2 35.Rh3+ Kg7 36.Kd4 Rf4+
37.Ke3 Re4+ 38.Kf3 g5 39.Rg3 Kg6 40.Rg1 h5 41.Ra1 g4+ 42.Kg3 Re3+ 43.Kf2 Rf3+
44.Kg2 Kg5 45.Ra8 Rb3 46.Ra4 f4 47.Ra5+ Kh4 48.Rc5 f3+ 49.Kg1 Rb1+ 50.Kf2 Rh1  0-1

[Event "Finkenstein op"]
[Site "Finkenstein"]
[Date "1995.??.??"]
[Round "5"]
[White "Bruns, Michael"]
[Black "Pilaj, Herwig"]
[Result "1/2-1/2"]
[WhiteElo "2085"]
[BlackElo "2125"]

1.d4 Nf6 2.Nf3 g6 3.c4 Bg7 4.Nc3 O-O 5.e4 d6 6.Be2 e5 7.O-O exd4 8.Nxd4 Re8
9.Bf3 Nbd7 10.Re1 Ne5 11.Be2 a6 12.Bf4 Bg4 13.f3 Bd7 14.Rc1 Nc6 15.Nb3 Nh5
16.Be3 Be5 17.g3 Nxg3 18.hxg3 Bxg3 19.Bf1 Qh4 20.Qe2 f5 21.Red1 f4 22.Bd4 g5
23.Qg2 g4 24.Be2 gxf3 25.Bxf3 Bh3 26.Qh1 Nxd4 27.Bg2 Nxb3 28.axb3 Bxg2 29.Qxh4 Bxh4
30.Kxg2 Bg5 31.Kf3 Rf8 32.Nd5 Rf7 33.Rg1 h6 34.Rc2 Raf8 35.Rh2 Rg7 36.Rg4 Rff7
37.Nc3 Kf8 38.Ne2 Ke7 39.Nd4 Kd7 40.Nf5 Rh7 41.b4  1/2-1/2

[Event "Finkenstein op"]
[Site "Finkenstein"]
[Date "1995.??.??"]
[Round "7"]
[White "Hicker, Harald"]
[Black "Preis, Wolfgang"]
[Result "0-1"]
[WhiteElo "2080"]
[BlackElo "2075"]

1.Nf3 Nf6 2.d4 g6 3.c4 Bg7 4.Nc3 d6 5.e4 O-O 6.Be2 e5 7.d5 a5 8.O-O Bd7 9.Ne1 Na6
10.Nd3 Ne8 11.a3 f5 12.b4 Nf6 13.f3 c6 14.Be3 Nc7 15.c5 cxd5 16.cxd6 d4 17.Nxe5 dxe3
18.dxc7 Qxc7 19.Qb3+ Kh8 20.Nxd7 Qxd7 21.Rad1 Qc7 22.exf5 gxf5 23.f4 axb4
24.axb4 Rad8 25.Rxd8 Rxd8 26.Re1 Qe7 27.g3 Ng4 28.Nd5 Qf7 29.Bf3 h5 30.h3 Nf6
31.Rxe3 Nxd5 32.Rd3 Qg6 33.Bxd5 Qb6+ 34.Kg2 Re8 35.Qd1 Qg6 36.Bxb7 h4 37.Kh2 Kh7
38.g4 Qb6 39.Qf3 Re1 40.Qg2 Bd4 41.Qd5 Bg1+ 42.Kg2 Qf2+  0-1

[Event "Foment op"]
[Site "Foment"]
[Date "1995.??.??"]
[Round "3"]
[White "Gomez Jurado, Luis Alberto"]
[Black "Kolev, Atanas"]
[Result "0-1"]
[WhiteElo "2275"]
[BlackElo "2500"]

1.d4 Nf6 2.Nf3 g6 3.c4 Bg7 4.Nc3 d6 5.e4 O-O 6.Be2 e5 7.d5 a5 8.Bg5 h6 9.Bh4 Na6
10.Nd2 Bd7 11.O-O Qb8 12.a3 Nh7 13.f3 h5 14.Kh1 Bh6 15.g4 Bf4 16.gxh5 g5
17.Bg3 f6 18.Bxf4 exf4 19.e5 dxe5 20.Nde4 Qe8 21.b4 f5 22.b5 fxe4 23.bxa6 Rxa6
24.fxe4 Rh6 25.Rg1 Kh8 26.Rb1 b6 27.Nb5 Nf6 28.Nxc7 Qc8 29.d6 Bc6 30.Bf3 Nxe4
31.Qe2 Qf5 32.Rxb6 Nc3 33.Qg2 Bxf3 34.Qxf3 Ne4 35.Re1 Nf6 36.Nd5 g4 37.Qe2 f3
38.Qd2 Rxh5 39.Nxf6 f2 40.Rb3 f1=Q+  0-1

[Event "Foment op"]
[Site "Foment"]
[Date "1995.??.??"]
[Round "6"]
[White "Gomez Jurado, Luis Alberto"]
[Black "Comas Fabrego, Luis"]
[Result "0-1"]
[WhiteElo "2275"]
[BlackElo "2490"]

1.d4 Nf6 2.Nf3 g6 3.c4 Bg7 4.Nc3 O-O 5.e4 d6 6.Be2 e5 7.d5 Na6 8.Bg5 h6 9.Bh4 g5
10.Bg3 Nh5 11.h4 g4 12.Nh2 Nxg3 13.fxg3 h5 14.O-O Qe7 15.Qc2 Nb4 16.Qb3 a5
17.a3 Na6 18.Qc2 Nc5 19.Rae1 a4 20.Bd1 Bh6 21.Rf2 Bd7 22.Kh1 f6 23.Nf1 Qh7
24.Qb1 f5 25.Bc2 f4 26.gxf4 g3 27.Nxg3 Qe7 28.Nf5 Bxf5 29.exf5 Qxh4+ 30.Kg1 Bxf4
31.g3 Bxg3 32.Rg2 Kh8 33.Ree2 Rg8 34.Ne4 Nxe4 35.Bxe4 Rg5 36.Qc2 Rag8 37.f6 Rf8
38.Qxa4 Rxf6 39.Rxg3 Rxg3+ 40.Bg2 Qd4+ 41.Kh2 Qh4+ 42.Kg1  0-1

[Event "Frydek-Mistek op"]
[Site "Frydek-Mistek"]
[Date "1995.??.??"]
[Round "?"]
[White "Istvandi, Lajos"]
[Black "Dydyshko, Viacheslav"]
[Result "0-1"]
[WhiteElo "2335"]
[BlackElo "2495"]

1.d4 Nf6 2.c4 g6 3.Nc3 Bg7 4.e4 d6 5.Nf3 O-O 6.Be2 Na6 7.O-O e5 8.Re1 Qe8
9.Bf1 Bg4 10.dxe5 dxe5 11.Be3 Nd7 12.h3 Bxf3 13.Qxf3 c6 14.Qd1 Qe7 15.Qa4 Rfd8
16.Rab1 Nac5 17.Qc2 a5 18.Na4 Bf8 19.Rbc1 Nxa4 20.Qxa4 Qb4 21.Qc2 Bc5 22.Bg5 f6
23.Bd2 Qb6 24.Bc3 Nf8 25.g3 Ne6 26.Kg2 Kg7 27.Red1 Bd4 28.Be1 Qxb2 29.Qxb2 Bxb2
30.Rxd8 Nxd8 31.Rd1 Bd4 32.Rb1 Ra7 33.h4 Ne6 34.Kf3 Nc5 35.Bh3 Kf7 36.Bf1 Ke7
37.Bd2 Kd7 38.h5 Ra8 39.hxg6 hxg6 40.Be2 f5 41.exf5 gxf5 42.Rh1 Ne4 43.Be1 Bc3
44.Bxc3 Nxc3 45.c5 Re8 46.a3 e4+ 47.Ke3 Nxe2 48.Kxe2 Re5 49.Rh7+ Kc8 50.Rh8+ Kc7
51.Rh7+ Kb8 52.Rh8+ Ka7 53.Rh5 Rxc5 54.g4 Rc2+ 55.Ke3 fxg4 56.Rxa5+ Kb6 57.Rg5 Rc3+
58.Kxe4 Rxa3 59.Rxg4 Ra4+ 60.Kf5 Rxg4 61.Kxg4 Kc7 62.Kg5 Kd7 63.Kg6 b5 64.f4  0-1

[Event "Frydek-Mistek op"]
[Site "Frydek-Mistek"]
[Date "1995.??.??"]
[Round "?"]
[White "Szypulski, Andrzej"]
[Black "Istvandi, Lajos"]
[Result "1-0"]
[WhiteElo "2395"]
[BlackElo "2335"]

1.d4 Nf6 2.Nf3 g6 3.c4 Bg7 4.Nc3 O-O 5.e4 d6 6.Be2 e5 7.Be3 Ng4 8.Bg5 f6
9.Bh4 Nc6 10.d5 Ne7 11.Nd2 f5 12.Bxg4 fxg4 13.Bg5 Bf6 14.Bxf6 Rxf6 15.Qe2 Bd7
16.Qe3 Kg7 17.O-O Ng8 18.c5 Qe7 19.b4 a6 20.Nc4 Re8 21.a4 h5 22.Qg5 Nh6 23.c6 Bc8
24.cxb7 Bxb7 25.Rac1 h4 26.Qxh4 Rh8 27.Qg5 Bc8 28.Ne2 Nf7 29.Qe3 Rf3 30.gxf3 Qh4
31.Rfd1 Qxh2+ 32.Kf1 gxf3 33.Ng1 Bh3+ 34.Nxh3 Qh1+ 35.Ng1  1-0

[Event "Gausdal Masters"]
[Site "Gausdal"]
[Date "1995.??.??"]
[Round "?"]
[White "Gausel, Einar"]
[Black "Kristensen, Bjarke"]
[Result "1/2-1/2"]
[WhiteElo "2490"]
[BlackElo "2455"]

1.d4 Nf6 2.c4 g6 3.Nc3 Bg7 4.Nf3 O-O 5.e4 d6 6.Be2 e5 7.O-O Na6 8.Be3 c6
9.d5 Ng4 10.Bg5 f6 11.Bd2 c5 12.Ne1 Nh6 13.f3 Bd7 14.a3 Nf7 15.Nd3 b6 16.Rb1 f5
17.b4 Rc8 18.Qb3 Bf6 19.Be3 f4 20.Bf2 Bh4 21.Rfc1 Bxf2+ 22.Nxf2 g5 23.Nb5 Ra8
24.Nd3 Bxb5 25.cxb5 Nc7 26.a4 Ne8 27.Qc3 Qe7 28.a5 Nf6 29.bxc5 dxc5 30.Ra1 Rac8
31.axb6 axb6 32.Ra4 Rfe8 33.Rca1 Nd6 34.Nf2 h5 35.Ra6 Rb8 36.Ra7 Rb7 37.Rxb7 Qxb7
38.Qa3 g4 39.fxg4 hxg4 40.Bxg4 Nxb5 41.Qh3 Nd4 42.Rb1 b5 43.Be6+ Kg7 44.Qh4 Nxe6
45.Ng4 Ng8 46.Nxe5 Qe7 47.Qh5 Nf8 48.Qg4+ Kh8 49.Qh5+ Kg7  1/2-1/2

[Event "Gausdal Int"]
[Site "Gausdal"]
[Date "1995.??.??"]
[Round "1"]
[White "Sulskis, Sarunas"]
[Black "McNab, Colin Anderson"]
[Result "1/2-1/2"]
[WhiteElo "2470"]
[BlackElo "2475"]

1.e4 g6 2.d4 d6 3.c4 Nd7 4.Nc3 e5 5.Nf3 Bg7 6.Be2 Ngf6 7.O-O O-O 8.Re1 c6
9.Bf1 Qe7 10.Bg5 h6 11.Bh4 a5 12.Qc2 g5 13.Bg3 Nh5 14.d5 Nc5 15.Na4 Nxa4
16.Qxa4 c5 17.Nd2 g4 18.Qc2 Bf6 19.Bd3 Bg5 20.f3 gxf3 21.Nxf3 Nxg3 22.hxg3 Kh7
23.Qf2 Bd7 24.Rf1 f6 25.Nh4 Bxh4 26.gxh4 Rf7 27.Rae1 Rg8 28.Re3 Rfg7 29.Rf3 Rxg2+
30.Qxg2 Rxg2+ 31.Kxg2 Be8 32.Rg3 h5 33.Kh2 Qf8 34.Rgf3 Qh6 35.R1f2 Kg7 36.Rxf6  1/2-1/2

[Event "Arnold Cup"]
[Site "Gausdal"]
[Date "1995.??.??"]
[Round "1"]
[White "Giddins, Stephen"]
[Black "Cherniaev, Alexander"]
[Result "0-1"]
[WhiteElo "2290"]
[BlackElo "2450"]

1.d4 Nf6 2.c4 g6 3.Nc3 Bg7 4.e4 d6 5.Nf3 O-O 6.Be2 Nbd7 7.O-O e5 8.Re1 c6
9.Bf1 a6 10.Rb1 exd4 11.Nxd4 Re8 12.Bg5 h6 13.Bf4 Ne5 14.h3 Nh5 15.Be3 Qf6
16.g3 b5 17.cxb5 axb5 18.a3 Bd7 19.Kg2 Nc4 20.Bxc4 bxc4 21.Nde2 Qe7 22.Qd2 Nf6
23.Bxh6 Nxe4 24.Qf4 Bxh6 25.Qxh6 Qg5 26.Qxg5 Nxg5 27.h4 Nh7 28.Nf4 d5 29.f3 Reb8
30.Re2 d4 31.Ne4 c3 32.Nd3 Rxa3 33.Rc1 cxb2 34.Rxb2 Rxb2+ 35.Nxb2 Ra2 36.Rc2 Bf5
37.Rf2 Bxe4 38.fxe4 c5 39.Nd3 Rxf2+ 40.Kxf2 c4 41.Nb2 c3 42.Nd3 Nf6 43.e5 Ne4+
44.Kf3 Nd2+ 45.Ke2 Nc4 46.Kd1 Kf8 47.Nc1 Ke7 48.g4 Ke6 49.h5 gxh5 50.gxh5 Nxe5  0-1

[Event "Gausdal Int"]
[Site "Gausdal"]
[Date "1995.??.??"]
[Round "2"]
[White "Ostenstad, Berge"]
[Black "McNab, Colin Anderson"]
[Result "1/2-1/2"]
[WhiteElo "2485"]
[BlackElo "2475"]

1.d4 d6 2.Nf3 g6 3.c4 Nd7 4.Nc3 e5 5.e4 Bg7 6.Be2 Ngf6 7.O-O O-O 8.Qc2 c6
9.d5 Qc7 10.Bg5 a5 11.Nd2 Nc5 12.Be3 Na6 13.a3 Ng4 14.Bxg4 Bxg4 15.dxc6 bxc6
16.Rab1 Be6 17.Rfc1 f5 18.f3 Rfb8 19.Qd3 Bf8 20.f4 Nc5 21.Qf1 exf4 22.Bxf4 Qg7
23.Re1 fxe4 24.Ndxe4 Nxe4 25.Nxe4 Bf5 26.Rbd1 Bxe4 27.Rxe4 Rxb2 28.h3 Qf7
29.Bxd6 Qxf1+  1/2-1/2

[Event "Troll Masters"]
[Site "Gausdal"]
[Date "1995.??.??"]
[Round "2"]
[White "Tisdall, Jonathan D"]
[Black "Lejlic, Samir"]
[Result "0-1"]
[WhiteElo "2470"]
[BlackElo "2425"]

1.d4 Nf6 2.c4 g6 3.Nc3 Bg7 4.e4 d6 5.Nf3 O-O 6.Be2 e5 7.Be3 Nc6 8.d5 Ne7
9.Nd2 Ne8 10.c5 f5 11.f3 h6 12.Nc4 g5 13.Qd2 Ng6 14.O-O-O b6 15.cxd6 cxd6
16.Kb1 Rb8 17.Na3 Nf6 18.Rhf1 Nf4 19.Bb5 a6 20.Bc6 fxe4 21.Nxe4 Bf5 22.Qc2 b5
23.Ka1 Qe7 24.g3 Ng6 25.Qg2 Rf7 26.Nb1 Rbf8 27.Nbd2 Qd8 28.Rc1 Ne7 29.Nxf6+ Rxf6
30.Ne4 R6f7 31.f4 exf4 32.gxf4 Nxc6 33.dxc6 Qe7 34.Ng3 Qxe3 35.fxg5 Be6 36.Rfe1 Qxg5
37.h4 Qg4 38.c7 Rf2 39.Qxf2 Rxf2 40.Rxe6 Rc2  0-1

[Event "Troll Masters"]
[Site "Gausdal"]
[Date "1995.??.??"]
[Round "4"]
[White "Tisdall, Jonathan D"]
[Black "Burgess, Graham"]
[Result "1-0"]
[WhiteElo "2470"]
[BlackElo "2260"]

1.d4 Nf6 2.c4 g6 3.Nc3 Bg7 4.e4 d6 5.Nf3 O-O 6.Be2 e5 7.Be3 c6 8.O-O exd4
9.Bxd4 Re8 10.Qc2 Qe7 11.Rfe1 Nbd7 12.h3 Nc5 13.Bf1 a5 14.Rad1 h6 15.e5 dxe5
16.Bxe5 Bf5 17.Qc1 Ncd7 18.Bd6 Qd8 19.Nd4 Be6 20.Qc2 g5 21.Nxe6 Rxe6 22.Rxe6 fxe6
23.Re1 Qe8 24.Qb3 Ra7 25.c5 Nd5 26.Nxd5 cxd5 27.Qxd5 exd5 28.Rxe8+ Nf8 29.a4  1-0

[Event "Gausdal Int"]
[Site "Gausdal"]
[Date "1995.??.??"]
[Round "4"]
[White "Tisdall, Jonathan D"]
[Black "Hagesaether, Paal Vegard"]
[Result "1-0"]
[WhiteElo "2470"]
[BlackElo "2150"]

1.d4 Nf6 2.c4 g6 3.Nc3 Bg7 4.e4 d6 5.Nf3 O-O 6.Be2 e5 7.O-O exd4 8.Nxd4 Re8
9.f3 Nc6 10.Be3 Nh5 11.Nxc6 bxc6 12.Qd2 f5 13.Bg5 Nf6 14.c5 Be6 15.Rad1 Qb8
16.exf5 Bxf5 17.cxd6 cxd6 18.Qxd6 Qb6+ 19.Kh1 Rad8 20.Bc4+ Kh8 21.Qxf6 Rxd1
22.Rxd1 Qxb2 23.Qf7 Rf8 24.Qxf8+  1-0